A délvidéki magyarság helyzete Mesterházy Ambrus szociográfiái alapján [absztrakt] /

Elmentve itt :
Bibliográfiai részletek
Szerző: Domonkos Ádám
Testületi szerző: Szegedi Történészhallgatók Egyesületének konferenciája (5.)
További közreműködők: Mesterházy Ambrus
Dokumentumtípus: Könyv része
Megjelent: Belvedere Meridionale Szeged 2023
Sorozat:Szegedi Történészhallgatók Egyesületének Konferenciái 5
Kulcsszavak:Kisebbség - magyar - Délvidék - 20. sz. előadáskivonat, Délvidék története - 20. sz. - előadáskivonat
Tárgyszavak:
Online Access:http://acta.bibl.u-szeged.hu/86255
LEADER 01130naa a2200253 i 4500
001 acta86255
005 20250113105021.0
008 250113s2023 hu o 100 hun d
020 |a 978-615-6060-68-6 
040 |a SZTE Egyetemi Kiadványok Repozitórium  |b hun 
041 |a hun 
100 1 |a Domonkos Ádám 
245 1 2 |a A délvidéki magyarság helyzete Mesterházy Ambrus szociográfiái alapján   |h [elektronikus dokumentum] :  |b [absztrakt] /  |c  Domonkos Ádám 
260 |a Belvedere Meridionale  |b Szeged  |c 2023 
300 |a 10 
490 0 |a Szegedi Történészhallgatók Egyesületének Konferenciái  |v 5 
650 4 |a Társadalomtudományok 
650 4 |a Szociológia 
650 4 |a Bölcsészettudományok 
650 4 |a Történettudomány és régészet 
695 |a Kisebbség - magyar - Délvidék - 20. sz. előadáskivonat, Délvidék története - 20. sz. - előadáskivonat 
700 0 1 |a Mesterházy Ambrus 
711 |a Szegedi Történészhallgatók Egyesületének konferenciája (5.)  |c Szeged  |d 2023. március 30-31. 
856 4 0 |u http://acta.bibl.u-szeged.hu/86255/1/SZETE_absztraktkotet_005_010.pdf  |z Dokumentum-elérés